00659nam a22001937a 450000500170000000800410001704100080005804400070006608200200007310000270009324500920012026000380021230000300025050400380028050500460031865000370036465000400040165000240044120180803165530.0140227b1979 ck ||||| |||| 00| 0 spa d aspa ack a580.9864bU54c31 aCamargo-G. Lus Alfredo10aCatálogo ilustrado de las plantas de Cundinamarca : bvolumen 7cLuis Alfredo Camargo aBogotábImprenta Nacionalc1979 av. 7, 86 p.bil. c23 cm. aIncluye índice y bibliografía av. 7 Clethraceae ; Pyrolaceae : Ericaceae aPlantaszCundinamarca (Colombia) aBotánicazCundinamarca (Colombia) 6aTaxonomía vegetal